Statistics for The Walking Dead Trivia

Click here to take the quiz!

General Stats

  • This quiz has been taken 6,112 times
    (6,081 since last reset)
  • The average score is 9 of 14

Answer Stats

HintAnswer% Correct
What is Rick's last name?Grimes
96%
Who shot Shane when he became a Walker?Carl
94%
Who does Glenn share a relationship with?Maggie
90%
What weapon does Daryl often use?Bow & Arrow
89%
Who dies in the Season 2 episode "Judge, Jury, Executioner"? | Who originally owned the RV?Dale
84%
Who did the group spend a majority of Season 2 looking for?Sophia
79%
Who accidentally shot Carl?Otis
73%
Who was left in Atlanta in Season 1 Episode 2, 'Guts'?Merle
72%
What was Andrea's sister named?Amy
70%
Which enemy of the group made it onto IGN's Top 100 Comic Book Villains list?The Governor
49%
Who did Rick say was good at speaking sentimental things within his family?His Father
15%
What was the name of the game Glenn referenced when he told Maggie about the time at the well?Portal
14%
Which two characters from the series were in IGN's Top 100 Comic Book Heroes list?Rick and Michonne
12%

Score Distribution

Percentile by Number Answered

Percent of People with Each Score

Your Score History

You have not taken this quiz since the last reset